| 000 | 00466nam a2200181Ia 4500 | ||
|---|---|---|---|
| 008 | 240729s9999 xx 000 0 und d | ||
| 022 | _a1535-9484 | ||
| 245 | 0 | _aMolecular & Cellular Proteomics | |
| 260 | _aUnited States | ||
| 260 | _bElsevier | ||
| 650 | _a Biochemistry | ||
| 650 | _a Chemistry | ||
| 650 | _a Organic chemistry | ||
| 650 | _aScience | ||
| 856 | _uhttps://doaj.org/toc/52f9dd7eaa4f44b18524b8c75b9bb04f | ||
| 942 | _2ddc | ||
| 942 | _cDOAJEJ | ||
| 999 |
_c72758 _d72758 |
||
| 945 |
_a1 _bMadushi Gamage _c1 _dMadushi Gamage |
||